00392nam a2200133Ia 4500008004100000082001400041100001600055245003300071260001800104600001500122942000700137952009700144999001700241241002s9999 xx 000 0 und d a808.3 WEL aWells, H. G 0aMr. Britling see it- through aLondon:c1968 aLiterature cUC 00104070aUITUbUITUd1994-01-01l0o808.3 WELpUC446r2024-10-02 09:31:21w2024-10-02yUC c18773d18773